| 000 | 00391nam a2200145Ia 4500 | ||
|---|---|---|---|
| 008 | 240624s9999 xx 000 0 und d | ||
| 041 | _aeng | ||
| 082 | _a658.45 BAI | ||
| 100 | _aBAILEY EDWARD P | ||
| 245 | _aWRITING AND SPEAKING AT WORK A PRACTICAL | ||
| 250 | _a(4th ed.) | ||
| 260 |
_c2008 _aNew Jersey _bPearson Prentice Hall |
||
| 300 | _axvii, : 235 : p. : cm. ; 23 | ||
| 365 |
_c _b30 |
||
| 999 |
_c11431 _d11431 |
||